| 000 | 01054nas a2200301 4500 | ||
|---|---|---|---|
| 001 | BR2013005307 | ||
| 003 | BR-BrBNA | ||
| 005 | 20231205122604.0 | ||
| 007 | ta | ||
| 008 | 230509b bl.|||p| |||| 00| 00por d | ||
| 040 |
_aBR-BrBNA _bpor _cBiblioteca Nacional de Agricultura |
||
| 041 | _a(En) | ||
| 072 | _aN20; P33 | ||
| 100 | 1 | _aFigueiredo, G.C. | |
| 100 | 1 | _aSilva, A.P. da | |
| 100 | 1 | _aTormena, C.A. | |
| 100 | 1 | _aGiarola, N.F.B. | |
| 100 | 1 | _aMoraes, S.O. | |
| 100 | 1 | _aAlmeida, B.G. de | |
| 245 | 1 | _aImprovement of a testing apparatus for dynamometry: Procedures for penetrometry and influence of strains rate to quantify the tensile strength of soil aggregates | |
| 650 | _aCOMPACTAÇÃO DO SOLO | ||
| 650 | _aFÍSICA DO SOLO | ||
| 650 | _aMÁQUINA AGRÍCOLA | ||
| 773 | 0 |
_tRevista Brasileira de Ciência do Solo (Brazil) _xISSN 0100-0683 _g(Mar-Apr 2011), v. 35(2) p. 373-387 _wBR2013005307 |
|
| 856 | 4 | 0 | _uhttp://www.scielo.br/pdf/rbcs/v35n2/v35n2a08.pdf |
| 909 |
_a202311 _bLúcia _c55 _dLúcia Elande |
||
| 942 |
_2AGRIS _n0 _cANA |
||
| 999 |
_c229438 _d229438 |
||